000 00639nam a2200265Ia 4500
001 Para_6509
003 CHAP
008 220125s1999 xx 000 0 und d
010 _a205367
040 _cCHAP
090 _aPA FOLLETO 515
245 _aControl de la tuza
260 _as.l. :
_b s.n.
300 _a8 p.
650 _aControl de plagas
_927595
650 _aPesticidas
_x aplicación
_987539
650 _aTuzas
_9115712
901 _aPA FOLLETO 515
902 _aA
905 _a00000019-- 0000000000 00
910 _a19--
942 _cPARA
942 _cPARA
_d1
999 _c205367
_d205367